000 00465nam a2200121Ia 4500
008 160712s9999 xx 000 0 und d
100 _aMagbitang, Riza A.
245 _cRiza A. Magbitang,
_aCadmium and lead determination by ICPMS: Method optimization and application in carabao milk samples
260 _c2012
_bScience Diliman
300 _avol. 24 no. 1
650 _xSCIENCE
856 _uhttp://journals.upd.edu.ph/index.php/sciencediliman/issue/view/341/showToc
999 _c297481
_d297481